| 000 | 00429nam a2200145Ia 4500 | ||
|---|---|---|---|
| 008 | 151015s9999 xx 000 0 und d | ||
| 020 | _a826463037 | ||
| 050 | _aHG 4026 .B68 2003 | ||
| 245 | _aBendrey,M | ||
| 250 | _a_Essentials of Management Accounting in Business Mike Bendrey | ||
| 300 | _aNew York Continuum 2003 | ||
| 500 | _aIncludes index. | ||
| 650 | _a_Management accounting | ||
| 700 | _a^d20110202 03:16:03^oanne | ||
| 999 |
_c1234 _d1234 |
||